| 000 | 00489nam a2200157Ia 4500 | ||
|---|---|---|---|
| 005 | 20250321050104.0 | ||
| 008 | 240331s9999 xx 000 0 und d | ||
| 020 | _a9555703256 | ||
| 082 |
_bWIJ _a920 |
||
| 100 | _aWijesinghe,W.S | ||
| 245 | 0 |
_aKiran Bedi ;man baya nee : _ba dare |
|
| 260 |
_aColombo _bSamaiyawarana bookshop _c2004 |
||
| 300 | _a413 p ., | ||
| 500 | _aA book about Kiren bidi. a first women in India to join the leadership ranks of the Indian police service | ||
| 942 | _cL | ||
| 999 |
_c5282 _d5282 |
||